000 00799nam a2200277Ia 4500
003 OSt
005 20220928115114.0
006 a|||||r|||| 00| 0
007 ta
008 220927b |||||||| |||| 00| 0 eng d
020 _cUSD 45.99
024 _a68794
037 _b030, 29/09/2017, N.R.Book Distributors
_cTextual
040 _aSDCL
_cSDCL
_beng
041 _2eng
_aeng
082 _aL:4:56, Q8
100 _aAbbas Abul K.
245 0 _aCellular and molecular immunology
250 _a9th
260 _aPhiladelphia
_bElsevier
_c2018
300 _ax,565p.
_ccm.
650 _aMicrobiology
700 _a Lichtman Andrew H.
942 _hL:4:56, Q8
_cTEXL
_2CC
999 _c758223
_d758223